Výživové ciele v SR a možnosti ich realizácie
Výživa a zdravotný stav obyvateľstva ako základný argument ich racionalizácie. Národný program podpory zdravia a Program ozdravenia výživy. Plnenie Programu ozdravenia výživy v SR. Aktivity Ministerstva zdravotníctva Slovenskej republiky. Aplikácia výživových kritérií do spoločného stravovania.
Salvato in:
| Autore principale: | |
|---|---|
| Natura: | Capitolo di libro |
| Lingua: | slovacco |
| Soggetti: | |
| Tags: |
Nessun Tag, puoi essere il primo ad aggiungerne!!
|
MARC
| LEADER | 00000naa$a2200000$$$4500 | ||
|---|---|---|---|
| 001 | 0047228 | ||
| 005 | 20240502071539.3 | ||
| 041 | 0 | |a slo | |
| 044 | |a SK | ||
| 245 | 1 | 0 | |a Výživové ciele v SR a možnosti ich realizácie |c Mária Pachingerová |
| 520 | |a Výživa a zdravotný stav obyvateľstva ako základný argument ich racionalizácie. Národný program podpory zdravia a Program ozdravenia výživy. Plnenie Programu ozdravenia výživy v SR. Aktivity Ministerstva zdravotníctva Slovenskej republiky. Aplikácia výživových kritérií do spoločného stravovania. | ||
| 610 | 2 | 0 | |a výživa |
| 610 | 2 | 0 | |a zdravie |
| 610 | 2 | 0 | |a chorobnosť |
| 610 | 2 | 0 | |a racionalizácia |
| 610 | 2 | 0 | |a stravovanie spoločné |
| 610 | 2 | 0 | |a Slovensko |
| 100 | 1 | |a Pachingerová, Mária | |